000 00594nam a2200193Ia 4500
003 GCL
008 140319s9999 xx 000 0 ara d
040 _aGCL /
_cGCL
082 0 4 _a822.008
_bش هـ
100 1 _aنظير عبود
245 1 0 _aهنرى الخامس /
_cنظير عبود
700 1 _aشكسبير، ويليام
700 1 _aمشاطى، ا0 ر
260 _aبيروت :
_bدار نظير عبود ،
_c1990
300 _a167 ص ؛
_c20 سم
650 0 4 _aالمسرح الانجليزى
650 0 4 _aالادب الانجليزى المترجم
942 _2ddc
_cBK
999 _c57397
_d57397